| 000 | 00535nam a22001817a 4500 | ||
|---|---|---|---|
| 005 | 20231121103644.0 | ||
| 008 | 231121b |||||||| |||| 00| 0 eng d | ||
| 020 | _a9781459735033 ; 9781459735040 | ||
| 041 | _aEnglish | ||
| 082 | _a342 DOD | ||
| 100 |
_aDodek, A _lEnglish |
||
| 245 |
_aThe Canadian Constitution / _cA Dodek |
||
| 250 | _aSecond Edition | ||
| 260 |
_aCanada : _bOntario Arts Council _c2016 |
||
| 300 |
_b185 pages ; _c24 cm. |
||
| 650 |
_aLegal practice _bLaw |
||
| 942 |
_cBK _6ALISON_BN_VRIES |
||
| 999 |
_c835 _d835 |
||